Newcastle United Squad 2021-2022 - Statistics

General Stats
  • This quiz has been taken 276 times
    224 since last reset
  • The average score is 22 of 33
Answer Stats
# Position Nation Player % Correct
10 FW France Allan Saint-Maximin
92%
1 GK Slovakia Martin Dúbravka
91%
5 DF Switzerland Fabian Schär
90%
20 FW New Zealand Chris Wood
86%
7 FW Brazil Joelinton
86%
24 MF Paraguay Miguel Almirón
84%
9 FW England Callum Wilson
83%
- Coach England Eddie Howe
79%
6 DF England Jamaal Lascelles
75%
36 MF England Sean Longstaff
74%
39 MF Brazil Bruno Guimarães
73%
8 MF England Jonjo Shelvey
72%
33 DF England Dan Burn
71%
15 DF England Kieran Trippier
71%
17 DF Sweden Emil Krafth
68%
19 DF Spain Javier Manquillo
68%
21 FW Scotland Ryan Fraser
68%
11 DF Scotland Matt Ritchie
65%
3 DF Wales Paul Dummett
65%
28 MF England Joe Willock
64%
26 GK England Karl Darlow
64%
2 DF Ireland Ciaran Clark
62%
18 DF Argentina Federico Fernández
61%
- Coach England Steve Bruce
60%
12 DF Northern Ireland Jamal Lewis
59%
13 DF England Matt Targett
58%
23 FW England Jacob Murphy
52%
14 MF England Isaac Hayden
48%
27 GK England Freddie Woodman
42%
16 MF Ireland Jeff Hendrick
42%
34 FW England Dwight Gayle
37%
29 GK England Mark Gillespie
35%
- Coach England Graeme Jones
28%
No matching quizzes found
Score Distribution
Percent of People with Each Score
Percentile by Number Answered
Your Score History
You have not taken this quiz since the last reset